000 00569nam a2200217Ia 4500
001 13156
003 GE_BSU
008 181216s||||||||xx |||||||||||||| ||und||
040 _cGE_BSU
080 _a631.4
245 _aПочвоведение
245 _bУчебник
245 _cПод.ред.И.С.Кауричева.Ред.В.М.Шлепанов
260 _aМосква
260 _bКолос
260 _c1975
300 _a496стр.илл.17см.
300 _cБиблиогр.с.482-481
653 _aПочвоведение
942 _cBK
999 _c46320
_d46320